000 00639nam a2200229Ia 4500
003 OSt
005 20220918205415.0
006 a|||||r|||| 00| 0
007 ta
008 220917b |||||||| |||| 00| 0 eng d
024 _a116,456
037 _cTextual
040 _aARTS
_cARTS
_beng
041 _2eng
_aeng
082 _aV5925:1:N3, K2
100 _aKral V
_9115028
245 0 _aLesson from history
_b Documents concerning Nazi policies for Germani sation and exterminaition in Czechoslovakia
260 _c1962
650 _aHISTORY
942 _hV5925:1:N3, K2
_cTEXL
_2CC
999 _c239783
_d239783